Best NBA Teams Of All Time (No order) - Statistics

General Stats
  • This quiz has been taken 468 times
  • The average score is 12 of 13
Answer Stats
Years Teams % Correct
2016 Golden State Warriors
100%
2017 Golden State Warriors
100%
1987 Los Angeles Lakers
99%
2000 Los Angeles Lakers
99%
1986 Boston Celtics
97%
1965 Boston Celtics
97%
2008 Boston Celtics
97%
1996 Chicago Bulls
97%
2012 Miami Heat
96%
2014 San Antonio Spurs
95%
1994 Houston Rockets
86%
1989 Detroit Pistons
83%
1997 Utah Jazz
72%
No matching quizzes found
Score Distribution
Percent of People with Each Score
Percentile by Number Answered
Your Score History
You have not taken this quiz